Historical figures - Statistics

General Stats
  • This quiz has been taken 141 times
  • The average score is 9 of 15
Answer Stats
Hint Answer % Correct
German WWII leader Adolf Hitler
97%
The King of Rock and Roll Elvis Presley
92%
The real Dracula Vlad the Impaler
83%
Uncle Walt Walt Disney
80%
The Virgin Queen Queen Elizabeth
77%
The Sun King Louis XIV
73%
Emancipator of Slaves Abraham Lincoln
70%
Author of "Great Expectations" Charles Dickens
68%
The Bard of Avon William Shakespeare
63%
El Libertador Simón Bolívar
61%
"Nevermore" Edgar Allan Poe
44%
Madame Déficit Marie Antoinette
28%
Funded Columbus' famous voyage Queen Isabella
20%
Spanish Renaissance Pope with many enemies Pope Alexander VI
9%
Marquess of Pembroke Anne Boleyn
4%
No matching quizzes found
Score Distribution
Percent of People with Each Score
Percentile by Number Answered
Your Score History
You have not taken this quiz